Normal view
MARC view
- Malo Alvarez, Salvador
Entry Nombre Personal
001 - NUMERO DE CONTROL
- campo de control: 29107
003 - IDENTIFICADOR DE NUMERO DE CONTROL
- campo de control: UPN
005 - FECHA Y HORA DE LA ÜLTIMA TRANSACCIÓN
- campo de control: 20210219194400.0
008 - DATOS DE LONGITUD FIJA
- campo de control de longitud fija: nabaccnnaabn|||||||||| b |nc|||||d
035 ## - NUMERO DE CONTROL
- Número de control: UPN11000001213
040 ## - FUENTE DE CATALOGACIÓN
- Lenguaje de catalogación: SPA
- Agencia de transcripción: UPN
100 1# - ENCABEZAMIENTO - NOMBRE PERSONAL
- Nombre personal: Malo Alvarez, Salvador
400 1# - VEÁSE - NOMBRE DE PERSONA
- Personal name: Malo, Salvador
670 ## - FUENTE EN LA QUE SE LOCALIZARON DATOS
- Cita de la fuente: T
- Uniform Resource Identifier: http://www.campusmilenio.com.mx/index.php/template/informacion/noticias/item/384-va-salvador-malo-a-la-direccion-general-de-educacion-superior
680 ## - NOTA PUBLICA DE ACCESO PÚBLICO
- Frase explicativa de la referencia: Político mexicano con doctorado en física que cuenta con experiencia en investigación, cátedra, administración universitaria y gubernamental, así como en asesoramiento de calidad para la educación superior
902 ## - CATALOGADOR
- Catalogador: DAA/020408
